Ad Geographiam practicam P. Ignatii Kautsch ... Supplementa duo, eclipsium Solis et Lunae, primum ab anno 1800 ad 1825 et secundum ab anno 1825 ad 1860, cum typo ecliptico et tabulis projectionis geographicis, quibus regiones solares eclipses spectaturae perspicue exhibentur (Запись № 10394407)

Подробности
000 -МАРКЕР
контрольное поле 01351nam0a22002891 4500
001 - ИДЕНТИФИКАТОР ЗАПИСИ
контрольное поле RU\NLR\KADK\53786
005 - ИДЕНТИФИКАТОР ВЕРСИИ
контрольное поле 20260407082543.0
035 ## - ДРУГИЕ СИСТЕМНЫЕ НОМЕРА
Идентификатор записи (NLR Aleph) 009863513
100 ## - ДАННЫЕ ОБЩЕЙ ОБРАБОТКИ
Данные общей обработки 20000719d1800 u y0rusy50 ca
101 0# - ЯЗЫК РЕСУРСА
Язык текста, звукозаписи и т.д. латинский
102 ## - СТРАНА ПУБЛИКАЦИИ ИЛИ ПРОИЗВОДСТВА
Страна публикации Российская Федерация
200 1# - ЗАГЛАВИЕ И СВЕДЕНИЯ ОБ ОТВЕТСТВЕННОСТИ
Основное заглавие Ad Geographiam practicam P. Ignatii Kautsch ... Supplementa duo, eclipsium Solis et Lunae, primum ab anno 1800 ad 1825 et secundum ab anno 1825 ad 1860, cum typo ecliptico et tabulis projectionis geographicis, quibus regiones solares eclipses spectaturae perspicue exhibentur
210 ## - ПУБЛИКАЦИЯ, РАСПРОСТРАНЕНИЕ И ДР.
Место издания, распространения и т.д. Petropoli [St.- Peterburg]
Имя издателя, распространителя и т. д. Typis Academie Imperialis scientiarum
Дата издания, распространения и т.д. 1800
215 ## - ФИЗИЧЕСКАЯ ХАРАКТЕРИСТИКА
Специфическое обозначение материала и объем [2], VIII, 240 с., [21] л. карт
Размеры 8°(22 см)
300 ## - ОБЩИЕ ПРИМЕЧАНИЯ
Текст примечания Suppl. 1 имеет самостоят. тит. л.
317 ## - ПРИМЕЧАНИЯ О ПРОИСХОЖДЕНИИ ЭКЗЕМПЛЯРА
Текст примечания Экз. со штампом Лен. Воен. б-ки, без наклейки Б-ки 1-го Кадет. корп
Организация и экземпляр, к которому относится поле Рэ ШК / K-21 Q
620 ## - МЕСТО И ДАТА ПУБЛИКАЦИИ, ИСПОЛНЕНИЯ И Т. Д.
Город St.- Peterburg
700 #1 - ИМЯ ЛИЦА - ПЕРВИЧНАЯ ОТВЕТСТВЕННОСТЬ
Связь между полями z01790
Начальный элемент ввода Kautsch
Часть имени, кроме начального элемента ввода I.
Даты -1812
Расширение инициалов личного имени Ignaz
Код отношения Автор
712 02 - НАИМЕНОВАНИЕ ОРГАНИЗАЦИИ - ВТОРИЧНАЯ ОТВЕТСТВЕННОСТЬ
Код отношения Книготорговец
Графика поля Латинская
Материалы, к которым относится поле lat
Начальный элемент ввода Academia scientiarum
Структурное подразделение Typographia
Идентифицирующий признак Petropolis
Системный номер авторитетной/нормативной записи 289639
Идентификатор авторитетной/нормативной записи RU\NLR\AUTH\888588
790 #1 - ИМЯ ЛИЦА - АЛЬТЕРНАТИВНАЯ ФОРМА
Связь между полями z01700
Начальный элемент ввода Kautsch
Расширение инициалов личного имени Ignatius
Код отношения Автор
801 #0 - ИСТОЧНИК ЗАПИСИ
Страна Российская Федерация
Организация NLR
Дата составления 20000719
852 ## - МЕСТОНАХОЖДЕНИЕ И ШИФР ХРАНЕНИЯ
Идентификатор организации NLR
Наименование фонда или коллекции (Sub-Location Identifier) Б-ка 1-го Кадет. Корп.
Шифр хранения (Call Number) Рэ ШК / K-21 Q
942 ## - ДОПОЛНИТЕЛЬНЫЕ ЭЛЕМЕНТЫ ЗАПИСИ (АБИС)
Тип экземпляра АБИС Книга
980 ## - КОЛЛЕКЦИЯ
Название коллекции Национальная библиография
980 ## - КОЛЛЕКЦИЯ
Название коллекции Библиотека 1-го Кадетского корпуса

Нет доступных экземпляров.